000 00301nam a22001337a 4500
008 180202b xxu||||| |||| 00| 0 eng d
020 _a0673394891
041 _aeng
080 _a302
100 _a19
101 _aSHP
245 _aUnderstanding Political Development
_cWeiner, M
942 _2udc
_cBK
999 _c41660
_d41660